000 01020nam a22003497a 4500
001 BR7200094
003 BR-BrBNA
005 20230928083740.0
007 ta
008 230509b bl.||||| |||| 00| 0 por d
040 _aBR-BrBNA
_bpor
_cBiblioteca Nacional de Agricultura
041 _a(Por)
072 _aL00; E15
_b9410
_b/G514
090 _ 9410 BR7200094
100 1 _aAlmeida, J.R. de
110 1 _aUniversidade Federal de Vicosa, MG (Brasil)
_0Tese (Magister Scientiae)
245 1 _aAnalise economica da producao de leite da bacia leiteira de Salvador - Bahia [Brasil]
260 3 _aVicosa, MG (Brasil):
_c1972.
300 _a100 p.
500 _a25 tables; 30 ref.; Summary (Por)
650 _aProducao animal
650 _aMicroeconomia
650 _aLeite
650 _aProducao leiteira
650 _aEconomia da producao
650 _aAnalise economica
650 _aBacia leiteira
650 _aSalvador
650 _aBahia
909 _a202309
_bLucia
_c55
_dLucia Elande
942 _cBK
999 _c15057
_d15057